000 00712nam a2200289Ia 4500
005 20260324132638.0
008 008 260324s9999 xx 000 0 eng d
020 _a9780203963395
037 _aEBOOK
040 _aCRL
040 _beng
040 _cCRL
041 _2eng
041 _aeng
084 _qCRL
100 _aTrisha Waters
_91190078
245 0 _aTherapeutic Storywriting
245 2 _bA Practical Guide to Developing Emotional Literacy in Primary Schools
260 _bTaylor and Francis
260 _c2004
365 _a
365 _b205
856 _uhttp://www.taylorfrancis.com/books/9780203963395
942 _cEBOOK
999 _c1788360
_d1788360